[Event "NOR-chT Eliteserien 2018-19"]
[Site "Norway"]
[Date "2018.11.02"]
[Round "1.1"]
[White "Howell, David W L"]
[Black "Ostmoe, Geir Sune Tallaksen"]
[Result "1-0"]
[WhiteElo "2697"]
[BlackElo "2440"]
[Annotator "broadcasts RC"]
[PlyCount "71"]
[EventDate "2018.11.02"]
[EventType "team-tourn"]
[EventCountry "NOR"]
[TimeControl "40/5400+30:1800+30"]

1. e4 e5 2. Nf3 Nc6 3. Bc4 Nf6 4. d3 Be7 5. O-O O-O 6. a4 d6 7. a5 a6 8. Re1 h6 9. Nc3 Be6 10. Nd5 Qd7 11. c3 Bd8 12. Qb3 Rb8 13. d4 Bg4 14. dxe5 dxe5 15. Qd1 Ne8 16. h3 Bh5 17. b3 Nd6 18. Nxe5 Nxe5 19. Qxh5 Ndxc4 20. bxc4 Nxc4 21. Bf4 Rc8 22. Red1 Qe6 23. Rd4 Nxa5 24. Rxa5 c6 25. Ra1 cxd5 26. exd5 Qg6 27. Qf3 Bf6 28. Rd3 Rc4 29. Bg3 Rfc8 30. d6 b5 31. d7 Rd8 32. Rxa6 b4 33. cxb4 Rxb4 34. Rxf6 gxf6 35. Bc7 Rb1+ 36. Kh2 1-0

[Event "NOR-chT Eliteserien 2018-19"]
[Site "Norway"]
[Date "2018.11.02"]
[Round "1.2"]
[White "Tisdall, Jonathan D"]
[Black "Predojevic, Borki"]
[Result "1/2-1/2"]
[WhiteElo "2400"]
[BlackElo "2626"]
[Annotator "broadcasts"]
[PlyCount "50"]
[EventDate "2018.11.02"]
[EventType "team-tourn"]
[EventCountry "NOR"]
[TimeControl "40/5400+30:1800+30"]

1. Nf3 Nf6 2. c4 b6 3. g3 Bb7 4. Bg2 g6 5. d4 Bg7 6. O-O O-O 7. Nc3 Ne4 8. Nxe4 Bxe4 9. Bg5 c5 10. Qd2 cxd4 11. Nxd4 Bxg2 12. Kxg2 Re8 13. Rad1 Qc8 14. b3 Qb7+ 15. f3 d5 16. cxd5 Qxd5 17. Qe3 Nc6 18. Nxc6 Qxc6 19. Rc1 Qb7 20. Rfd1 Rac8 21. Rxc8 Qxc8 22. Qd2 Qe6 23. Qe3 Qc8 24. Qd2 Qe6 25. Qe3 Qc8 1/2-1/2

[Event "NOR-chT Eliteserien 2018-19"]
[Site "Norway"]
[Date "2018.11.02"]
[Round "1.3"]
[White "Tari, Aryan"]
[Black "Aulin-Jansson, Joran"]
[Result "1-0"]
[WhiteElo "2614"]
[BlackElo "2274"]
[Annotator "TA"]
[PlyCount "47"]
[EventDate "2018.11.02"]
[EventType "team-tourn"]
[EventCountry "NOR"]

{[%evp 13,47,-11,41,25,21,0,121,110,99,93,80,4,111,59,65,-44,-52,-84,10,27,28,-105,483,475,487,488,459,488,488,492,489,489,473,479,417,411]} 1. e4 d5 2. exd5 Nf6 3. d4 Qxd5 4. Nc3 Qa5 5. Bc4 Bg4 6. Nf3 Nc6 7. h3 Bh5 {LiveBook: 4 Games. B01: Scandinavian Defence} (7... Qh5 $11) (7... Bxf3 8. Qxf3 O-O-O 9. d5 Ne5 10. Qf5+ Ned7 11. Qf3 e6 12. dxe6 Ne5 13. Qe2 Bb4 14. O-O Bxc3 15. bxc3 Qxc3 {1-0 (36) Kerigan,D (2352)-Poetsch,H (2497) Karlsruhe 2017}) 8. g4 $14 {[#] Hoping for d5.} Bg6 $1 9. Bd2 Qb4 (9... O-O-O $1 $11) 10. Qe2 {Black must now prevent Nb5.} O-O-O 11. d5 $146 ({Predecessor:} 11. a3 Qd6 12. g5 Nxd4 13. Nxd4 Qxd4 14. gxf6 Bxc2 15. Be3 {1-0 (53) Borys,J (1972)-Jaworek,M (1885) Pszczyna 2009}) 11... Na5 12. Bd3 (12. Bb3 $16 {Nb5 is the strong threat.} a6 13. Na4 Nxb3 14. Bxb4 Nxa1 15. O-O (15. Bxe7 $2 Nxc2+ 16. Kf1 Bxe7 $19) (15. Nd4 Rxd5 16. Nf5 e6 $11) 15... Nxc2 16. Bc3 (16. Bxe7 Bxe7 17. Qxe7 Rd6 $11)) 12... Bxd3 (12... Nxd5 $11 13. Bxg6 (13. Nxd5 Qxb2 14. Bc3 Qa3 $11) 13... hxg6) 13. cxd3 (13. Qxd3 $16 {Threatens to win with Ng5.} e6 14. g5) 13... e6 $1 14. Ne5 ({White should play} 14. dxe6 $14 Qe7 15. exf7) 14... exd5 $15 15. g5 {[#]} Bd6 ({Better is} 15... Re8 $1 $17 {And now ...Nd7 would win.} 16. gxf6 gxf6) 16. Nxf7 $11 Rhe8 17. Ne4 (17. Be3 $11 {remains equal.} d4 {[%mdl 64] Double Attack} 18. gxf6 (18. a3 Qb3 $17) 18... dxc3 19. O-O-O) 17... dxe4 $4 {[%mdl 8192]} (17... Qxb2 $17 {and life is bright.} 18. Bc3 (18. Nfxd6+ cxd6 19. O-O dxe4 $17) 18... Qa3) 18. Bxb4 $18 exd3 19. Nxd6+ cxd6 20. Qxe8 ({Weaker is} 20. Rc1+ Nc6 $11) 20... Rxe8+ 21. Kf1 Nc6 22. gxf6 Nxb4 23. fxg7 Rg8 24. Rg1 {Accuracy: White = 40%, Black = 34%.} 1-0

[Event "NOR-chT Eliteserien 2018-19"]
[Site "Norway"]
[Date "2018.11.02"]
[Round "1.4"]
[White "Hammerstad, Asmund"]
[Black "Christiansen, Johan-Sebastian"]
[Result "0-1"]
[WhiteElo "2207"]
[BlackElo "2544"]
[Annotator "broadcasts"]
[PlyCount "78"]
[EventDate "2018.11.02"]
[EventType "team-tourn"]
[EventCountry "NOR"]
[TimeControl "40/5400+30:1800+30"]

1. d4 Nf6 2. Nf3 d5 3. c4 e6 4. Bg5 Bb4+ 5. Nc3 dxc4 6. e3 b5 7. a4 c6 8. g3 Nbd7 9. Bg2 Qb6 10. Bxf6 Nxf6 11. O-O O-O 12. Qc2 Bb7 13. Ne5 Bd6 14. f4 a6 15. Ne4 Bxe5 16. fxe5 Nxe4 17. Bxe4 h6 18. Rf4 c5 19. Raf1 cxd4 20. a5 Qa7 21. Bh7+ Kh8 22. exd4 Rad8 23. Bg6 Ba8 24. Qf2 Rd7 25. Bb1 Rfd8 26. Rd1 Qb7 27. Be4 Qc7 28. Bxa8 Rxa8 29. h4 Rad8 30. Qe3 b4 31. Rf6 Kg8 32. Rxh6 c3 33. bxc3 bxc3 34. Rh5 c2 35. Rc1 Rxd4 36. Rg5 Rd1+ 37. Kh2 R8d2+ 38. Kh3 Rxc1 39. Rxg7+ Kxg7 0-1

[Event "NOR-chT Eliteserien 2018-19"]
[Site "Norway"]
[Date "2018.11.02"]
[Round "1.5"]
[White "Holm, Kristian Stuvik"]
[Black "Mihajlov, Svetoslav"]
[Result "1-0"]
[WhiteElo "2467"]
[BlackElo "2155"]
[Annotator "TA"]
[PlyCount "65"]
[EventDate "2018.11.02"]
[EventType "team-tourn"]
[EventCountry "NOR"]

{[%evp 13,65,12,34,24,32,22,28,22,45,54,45,46,66,47,47,47,56,48,53,45,45,16,31,19,18,5,16,14,69,36,266,266,302,300,302,294,400,383,466,486,1034,994,1914,1876,1815,1742,29984,29985,29986,29986,29986,29987,29990,29989]} 1. d4 Nf6 2. c4 d6 3. Nf3 g6 4. Nc3 Bf5 5. h3 Ne4 6. Nxe4 {E61: King's Indian: Early deviations for White, including Smyslov System} Bxe4 7. Ng5 Bf5 {LiveBook: 18 Games} 8. Qb3 $146 {White is slightly better.} ({Predecessor:} 8. e4 Bd7 9. Be3 Bg7 10. Qd2 e5 11. Nf3 Nc6 12. d5 Ne7 13. g4 {1-0 (58) Eljanov,P (2706)-Moussard,J (2559) Biel 2018}) 8... Bc8 9. c5 d5 10. Bf4 h6 11. Nf3 Bg7 12. e3 O-O 13. Be2 c6 14. O-O Nd7 15. Qc2 Re8 16. b4 {[%cal Bb2b4,Bb4b5,Bb5c6,Bc6c7][%mdl 32]} e5 17. Bh2 exd4 18. exd4 Nf8 19. b5 Bf5 20. Qd2 Be4 ({Black should play} 20... Ne6 $11) 21. bxc6 $14 Bxf3 $2 (21... bxc6 $14 22. Ne5 Qc8) 22. c7 $18 ({Inferior is} 22. Bxf3 bxc6 23. Qb4 Ne6 $15) 22... Qd7 23. Bxf3 Ne6 {[#]} 24. Rab1 $1 {[%cal Ba1b1,Bb1b7,Bb7b8][%mdl 32]} Nxd4 25. Rxb7 Nxf3+ 26. gxf3 Be5 (26... Rac8 $142 27. Bd6 (27. Rxa7 Be5 $16) 27... d4) 27. Bxe5 {[%mdl 64] Overworked Piece} Rxe5 28. Rb8+ Re8 29. Qf4 d4 30. Rfb1 {White mates.} Qc6 31. Rxa8 Qxa8 32. Rb8 Qc6 33. Qe4 {Accuracy: White = 69%, Black = 37%.} 1-0

[Event "NOR-chT Eliteserien 2018-19"]
[Site "Norway"]
[Date "2018.11.02"]
[Round "1.6"]
[White "Diesen, Bruce"]
[Black "Kaasen, Tor Fredrik"]
[Result "0-1"]
[WhiteElo "2159"]
[BlackElo "2396"]
[Annotator "TA"]
[PlyCount "138"]
[EventDate "2018.11.02"]
[EventType "team-tourn"]
[EventCountry "NOR"]

{[%evp 21,138,-35,-34,-41,-51,-53,-47,-57,-41,-42,-53,-41,-38,-46,-40,-64,-29,-45,-35,-75,-37,-42,-37,-50,-56,-68,-33,-54,-41,-54,-15,-45,-47,-67,0,-70,-17,-62,58,58,58,58,58,58,57,57,57,56,55,53,179,179,147,68,95,83,102,-93,227,207,272,275,318,169,174,164,167,179,170,166,172,156,162,167,137,72,75,76,189,169,268,246,273,0,0,0,0,0,0,0,0,0,0,-8,-12,-19,-19,-29969,-29970,-29973,-29974,-29985,-29985,-29987,-29988,-29988,-29989,-29989,-29972,-29992,-29993,-29993,-29994,-29994,-29994,-29995,-29996,-29996,-29997]} 1. e4 c5 2. Nf3 d6 3. d4 cxd4 4. Nxd4 Nf6 5. Nc3 Nc6 6. Bg5 e6 7. Qd2 Be7 8. O-O-O Nxd4 9. Qxd4 a6 10. f4 b5 11. e5 {B66: Sicilian: Richter-Rauzer: 7...a6 8 0-0-0 h6} (11. Bxf6 gxf6 12. e5 d5 13. Kb1 f5 14. g4 fxg4 15. h3 g3 16. Rg1 Bb7 17. Rxg3 Qc7 18. f5 Bc5 19. Qf4 O-O-O 20. Ne2 f6 21. fxe6 fxe5 {1-0 (40) Sjugirov,S (2677)-Romanov,E (2628) St Petersburg 2018}) 11... dxe5 {LiveBook: 5 Games} 12. Qxd8+ Bxd8 13. fxe5 {Black is slightly better.} Nd7 $1 14. Bxd8 Kxd8 15. Be2 Ke7 16. Bf3 Ra7 17. Rhe1 Rc7 18. Rd2 $146 ({Predecessor:} 18. Rd4 Bb7 19. Bxb7 Rxb7 {½-½ (39) Kulovana,E (2263)-Jurka,M (2342) Czechia 2006}) 18... Rc5 19. Rde2 Nb6 20. Nd1 Bd7 21. Nf2 a5 22. Nd3 Rc7 23. Rf2 Rhc8 24. Be4 g6 25. Re3 Rc4 26. g4 {[%cal Bg2g4,Bg4h5,Bh5g6,Bg6g7][%mdl 32]} b4 27. Nf4 a4 (27... Be8 $15) 28. Bd3 ({Better is} 28. b3 $11 Rd4 29. Ne2) 28... R4c5 (28... Rd4 $15) 29. Rh3 h5 ({But not} 29... Rxe5 $6 30. Rxh7 Kd6 31. Ba6 $11 (31. Rxf7 Re1+ 32. Kd2 Rb1 $14)) (29... Rh8 $15) 30. gxh5 $14 g5 31. Ng6+ fxg6 32. hxg6 Rxe5 33. Rf7+ Kd6 34. g7 $1 g4 $1 {[%cal Rg4h3]} 35. Rg3 $1 {[%cal Rg3g4]} Nd5 (35... b3 $1 $14 36. axb3 axb3) 36. Rxg4 $18 Ne7 37. Rxb4 (37. Rf8 $16) 37... Rg5 38. Rd4+ {[%mdl 1024] White has strong compensation.} Nd5 39. c4 $2 (39. Bh7 $1 $16 {is forced if you want to stay better.}) 39... Bb5 $2 {[%mdl 8192]} (39... Be8 $1 $17 {[%cal Re8f7] stays on course.} 40. Rb7 Kc6) 40. Rf8 $1 {[%cal Rf8c8]} Rg1+ 41. Kd2 Rg2+ 42. Ke1 (42. Be2 $142 Ba6 43. Rg4 (43. cxd5 Rxe2+ 44. Kd1 Rg2 $16) 43... Rxg4 44. Bxg4) 42... Ba6 43. Rxc8 Bxc8 44. cxd5 exd5 45. Rxa4 Rxg7 {[%mdl 4096] Endgame KRB-KRB} 46. Rb4 Rg2 47. h4 Rh2 48. Be2 (48. Bg6 $142) 48... Ke5 $16 49. a4 d4 {[#]} (49... Rh1+ $16 50. Kd2 Rh2) 50. Rb8 $1 $18 {[%cal Rb8c8]} Bf5 {[#]} (50... Be6 $142 51. a5 Rxh4) 51. Re8+ $1 Kf4 52. Rf8 $2 (52. a5 $18) 52... Ke3 $11 53. Rxf5 Rxe2+ {KR-KR} 54. Kd1 {White wants to mate with Re5+.} Rxb2 55. Rb5 Rh2 56. Re5+ Kd3 {And now ...Rh1+ would win.} 57. h5 Rh1+ 58. Re1 Rxh5 59. Rg1 $2 {[%mdl 8192]} (59. Kc1 $11) 59... Kc3 {Black mates.} 60. Rg3+ d3 {[%cal Bd4d3,Bd3d2][%mdl 32]} 61. Rg1 Rh2 62. Kc1 Ra2 {[%cal Ra2a1]} 63. Kb1 Rb2+ 64. Ka1 Rb4 65. Rg8 d2 66. Rc8+ Rc4 67. Rd8 Rd4 68. Rc8+ Kb3 69. Rb8+ Ka3 {Accuracy: White = 39%, Black = 46%.} 0-1

[Event "NOR-chT Eliteserien 2018-19"]
[Site "Norway"]
[Date "2018.11.02"]
[Round "1.7"]
[White "Blomqvist, Erik"]
[Black "Hobber, Anders"]
[Result "1-0"]
[WhiteElo "2491"]
[BlackElo "2307"]
[Annotator "TA"]
[PlyCount "67"]
[EventDate "2018.11.02"]
[EventType "team-tourn"]
[EventCountry "NOR"]

{[%evp 20,67,39,37,43,43,45,47,52,47,57,52,58,52,62,62,52,29,43,22,85,62,69,45,94,94,145,127,167,108,125,79,229,209,211,132,125,145,277,268,277,277,268,266,632,446,948,679,29993,29994]} 1. Nf3 d5 2. g3 c6 3. Bg2 Bg4 4. h3 Bh5 5. O-O Nd7 6. d3 e6 {A07: Réti Opening: New York and Capablanca Systems} 7. e4 (7. c4 Bd6 8. Nc3 Ne7 9. b3 O-O 10. Bb2 f6 11. cxd5 cxd5 12. e4 dxe4 13. dxe4 Ne5 14. Nb5 Bxf3 15. Bxf3 {½-½ (40) So,W (2778)-Anand,V (2760) Stavanger 2018}) 7... Bd6 8. exd5 exd5 9. c4 Ne7 10. Nc3 O-O 11. cxd5 {LiveBook: 10 Games} cxd5 12. g4 Bg6 13. Nh4 Nc5 14. d4 Ne6 $146 15. f4 {Black must now prevent f5.} Nc6 16. Nxg6 hxg6 17. Be3 $36 {[%mdl 2048] White is more active.} Nc7 18. Qf3 Re8 19. Rad1 Bb4 (19... Qf6 $11 {remains equal.}) 20. Bf2 {[%cal Be3f2,Bf2g3,Bg3f4,Bf4c1][%mdl 32]} Bxc3 21. bxc3 Qf6 22. Bg3 Rad8 (22... Rac8 $142) 23. f5 $16 Nb5 {[%cal Bc7b5,Bb5a3,Ba3c4][%mdl 32]} 24. Qd3 (24. Rb1 $18 Nd6 25. fxg6 Qxg6 26. Bxd6 (26. Qxd5 Ne4 $16) 26... Rxd6 27. Rxb7) 24... Na3 25. Bf4 g5 {[#]} (25... gxf5 $16 26. Bc7 (26. Qxf5 Qxf5 27. gxf5 Nc4 $14) (26. gxf5 Qh4 $14) 26... Rd7) 26. Bc1 $1 $18 {[%cal Rc1a3]} Nc4 27. Rde1 Rxe1 28. Rxe1 b5 {[#]} (28... Ne7 $16 {was worth a try.} 29. Qb1 Nc6) 29. h4 $1 {[%cal Rh4g5][%mdl 512]} gxh4 30. g5 {[%cal Bg4g5,Bg5g6][%mdl 32]} Qd6 31. g6 Qd7 $2 (31... Qg3 32. Qxg3 hxg3 33. Bxd5 N6e5) 32. Qf3 {aiming for Qh5.} Ne7 (32... Re8 $142 33. Rf1 (33. gxf7+ Qxf7 34. Rxe8+ Qxe8 $16) 33... Rf8) 33. Qh5 {Qh7+ would kill now.} f6 {[#]} 34. Rxe7 $1 {[%mdl 512] Accuracy: White = 75%, Black = 21%.} 1-0

[Event "NOR-chT Eliteserien 2018-19"]
[Site "Norway"]
[Date "2018.11.02"]
[Round "1.8"]
[White "Hole, Oystein"]
[Black "Salomon, Johan"]
[Result "0-1"]
[WhiteElo "2307"]
[BlackElo "2485"]
[Annotator "TA"]
[PlyCount "56"]
[EventDate "2018.11.02"]
[EventType "team-tourn"]
[EventCountry "NOR"]

{[%evp 20,56,0,-1,23,0,0,0,0,0,0,12,30,12,54,-35,-30,-61,-54,-209,-210,-195,-213,-204,-201,-246,-240,-218,-196,-202,-195,-205,-205,-215,-212,-414,-372,-5697,-2737]} 1. Nf3 Nf6 2. c4 e6 3. Nc3 d5 4. d4 Bb4 5. cxd5 exd5 6. Bg5 h6 7. Bh4 O-O {D38: Queen's Gambit Declined: Ragozin Defence (4 Nf3 Bb4)} 8. e3 Bf5 9. Bd3 (9. Qb3 Bxc3+ 10. Qxc3 Nbd7 11. Qa3 c6 12. Be2 Qb6 13. Nd2 a5 14. O-O Rfe8 15. Rfe1 {½-½ (34) Aronian,L (2780)-Deac,B (2594) Douglas 2018}) 9... Bxd3 10. Qxd3 c6 11. O-O {LiveBook: 3 Games} Be7 $146 ({Predecessor:} 11... Nbd7 12. a3 Bd6 13. b4 Qe7 14. Rfe1 Qe6 15. Nd2 Qg4 16. Bg3 Bxg3 17. hxg3 Rfe8 18. Nf1 h5 19. Rac1 a5 {0-1 (48) Batsiashvili,N (2489)-Ju,W (2580) Khanty-Mansiysk 2016}) 12. Rab1 Nbd7 13. b4 a6 14. a4 Nb6 15. Nd2 Nfd7 16. Bg3 a5 17. b5 (17. bxa5 $1 $14 Rxa5 18. Rb2) 17... c5 $15 18. e4 dxe4 19. Ndxe4 $2 {[#]} (19. Ncxe4 $15 f5 20. Qb3+ Kh8 21. dxc5 Bxc5 22. Nxc5 Nxc5 23. Qe3 Nbxa4 24. Be5) 19... f5 $1 $19 20. Nd6 {[#]} f4 $1 {[%mdl 64] Trapped Piece} 21. Nxb7 Qc7 22. Qe4 fxg3 23. hxg3 Nf6 24. Qe6+ Kh8 25. Nxc5 Bxc5 26. dxc5 Qxc5 27. Rfc1 $2 (27. Ne4 Nxe4 28. Qxe4) 27... Rae8 28. Qa2 $2 (28. Qc6 Qh5 29. f3) 28... Ng4 {Accuracy: White = 35%, Black = 77%.} 0-1

[Event "NOR-chT Eliteserien 2018-19"]
[Site "Norway"]
[Date "2018.11.02"]
[Round "1.9"]
[White "Djurhuus, Rune"]
[Black "Skrondal, Inge Sandstad"]
[Result "1/2-1/2"]
[WhiteElo "2458"]
[BlackElo "2270"]
[Annotator "TA"]
[PlyCount "101"]
[EventDate "2018.11.02"]
[EventType "team-tourn"]
[EventCountry "NOR"]

{[%evp 24,101,35,33,39,37,37,37,37,37,41,31,19,19,25,12,16,17,18,0,0,0,0,0,0,0,0,0,0,0,29,0,3,0,7,0,12,0,0,0,7,13,17,0,0,0,10,0,0,0,0,-21,0,0,0,0,0,0,0,0,0,0,0,0,0,0,0,0,0,0,0,-21,0,0,0,-21,0,0,0,0]} 1. e4 c5 2. Nf3 g6 3. d4 cxd4 4. Nxd4 Nc6 5. c4 Nf6 6. Nc3 d6 7. f3 Nxd4 8. Qxd4 Bg7 9. Be3 O-O 10. Qd2 Be6 11. Rc1 Qa5 12. Bd3 {B36: Sicilian: Maroczy Bind: Gurgenidze System} (12. Nd5 Qxa2 13. Nxe7+ Kh8 14. Bd4 Rae8 15. Qc3 Nh5 16. Bxg7+ Nxg7 17. b4 Qa4 18. b5 a5 19. Nd5 Bxd5 20. cxd5 f5 21. Ra1 Qb4 22. Qxb4 axb4 {1-0 (51) Carlsen,M (2832)-Guseinov,G (2645) chess.com INT 2017}) 12... Rfc8 13. b3 {[#] LiveBook: 19 Games} Rab8 $146 ({Predecessor:} 13... a6 14. Nd5 Qxd2+ 15. Kxd2 Nxd5 16. exd5 Bd7 17. a4 Bb2 18. Rb1 Be5 19. h3 e6 {½-½ (80) Predke,A (2595)-Guseinov,G (2646) Batumi 2018}) 14. Nd5 {White is slightly better.} Qxd2+ 15. Kxd2 Nxd5 16. cxd5 Bd7 17. a4 a6 18. a5 Bb2 19. Rxc8+ Rxc8 20. Bc4 f5 21. exf5 Bxf5 22. g4 Bd7 23. Kd3 Rf8 24. Ke4 Bc3 25. Bb6 Be5 26. h3 Rc8 27. Rf1 Bf6 {The position is equal.} 28. Rf2 Kf7 29. Re2 Be5 30. f4 Bg7 31. Kf3 Bf6 32. Rc2 Bg7 (32... Kf8 {keeps more tension.} 33. Ke4 Bh4 34. Rc1 Kf7 35. Be3 Bg3) 33. Bd3 Rxc2 34. Bxc2 $11 {[%mdl 4096] Endgame KBB-KBB} e5 35. Bc7 Ke7 36. f5 gxf5 37. gxf5 Bf6 38. Bd3 Be8 39. Kg4 Kd7 40. Bb6 Ke7 41. Be3 Bf7 42. Bc4 Be8 43. h4 Bf7 44. Bg5 Be8 45. Bd3 Bf7 46. Be4 Be8 47. b4 Bf7 48. Bh6 Be8 49. Bg5 Bf7 50. Bf3 Be8 51. Be4 {Accuracy: White = 61%, Black = 64%.} 1/2-1/2

[Event "NOR-chT Eliteserien 2018-19"]
[Site "Norway"]
[Date "2018.11.02"]
[Round "1.10"]
[White "Andersen, Alf Roger"]
[Black "Haug, Johannes"]
[Result "0-1"]
[WhiteElo "2256"]
[BlackElo "2386"]
[Annotator "TA"]
[PlyCount "62"]
[EventDate "2018.11.02"]
[EventType "team-tourn"]
[EventCountry "NOR"]

{[%evp 19,62,0,17,0,0,-12,0,0,35,0,14,14,15,0,0,0,19,0,0,0,0,-10,0,-31,-34,-259,-14,-10,-13,-20,0,0,0,0,0,0,0,-481,-471,-1103,-1085,-904,-735,-29998,-29999]} 1. b3 Nf6 2. Bb2 b6 3. e3 Bb7 4. Nf3 e6 5. d4 d5 6. Bd3 Bd6 7. O-O O-O 8. Nbd2 {D05: Colle System with ...e6} c5 9. c4 Nbd7 10. cxd5 exd5 {LiveBook: 5 Games} 11. Rc1 Qe7 12. Re1 $146 ({Predecessor:} 12. dxc5 bxc5 13. Re1 Rfe8 14. Nf1 Rad8 15. Ng3 g6 16. Bb5 a6 17. Ba4 {½-½ (76) Nakamura,H (2785)-Caruana,F (2808) Paris 2017}) 12... Rac8 13. Qe2 Rcd8 14. Nb1 Rfe8 15. Nc3 Ne4 16. dxc5 bxc5 17. Bb5 Rf8 18. Red1 Ndf6 19. Nxe4 Nxe4 20. Ba6 Ba8 21. Qc2 f5 22. g3 $2 {[#]} ({White should play} 22. Re1 $15) 22... Kh8 $2 (22... f4 $1 $19 {[%cal Rf4g3][%mdl 512]} 23. exf4 (23. gxf4 Bxf4 24. exf4 Rxf4 $11) 23... Bxf4 24. gxf4 Rxf4) 23. Bf1 $11 d4 {Threatens to win with ...dxe3.} 24. exd4 f4 {[%cal Rf4g3]} 25. Bg2 $1 fxg3 26. hxg3 Nxg3 27. Re1 Ne4 {aiming for ...Rxf3!} 28. Ne5 $2 {[%mdl 8192]} (28. dxc5 $1 $11 {and White is okay.} Bxc5 29. Rxe4 Bxf2+ 30. Qxf2 Bxe4 31. Qe3) 28... Bxe5 $19 29. Bxe4 (29. Rxe4 $142 Bxe4 30. Qxe4 {[%mdl 64] Pin}) 29... Qg5+ 30. Kf1 Bh2 {White must now prevent ...Qg1+.} 31. dxc5 Qg1+ {Accuracy: White = 26%, Black = 40%.} 0-1

[Event "NOR-chT Eliteserien 2018-19"]
[Site "Norway"]
[Date "2018.11.02"]
[Round "1.11"]
[White "Tryggestad, Andreas Garberg"]
[Black "Lahlum, Hans Olav"]
[Result "1-0"]
[WhiteElo "2343"]
[BlackElo "2115"]
[Annotator "TA"]
[PlyCount "85"]
[EventDate "2018.11.02"]
[EventType "team-tourn"]
[EventCountry "NOR"]

{[%evp 9,85,-57,-26,-28,-27,-37,-8,-8,0,-9,0,-8,11,-6,18,0,38,-11,-12,-12,0,0,47,35,32,47,116,68,129,68,135,34,96,0,21,0,76,84,141,139,182,200,231,186,172,8,4,2,7,-135,-109,-97,-4,-4,41,41,41,41,147,152,253,252,214,217,335,325,364,307,307,225,532,533,29996,29968,6095,6079,4710,147]} 1. d4 d5 {[%cal Bd7d5,Bd5c4][%mdl 32]} 2. c4 dxc4 3. Nf3 a6 4. a4 Nf6 5. Qc2 (5. e3 Bg4 6. Bxc4 e6 7. O-O Nc6 8. Nbd2 Be7 9. h3 Bh5 10. b3 O-O 11. Bb2 Nb4 12. Rc1 Rc8 13. Ba3 a5 14. g4 Bg6 15. Ne5 {1-0 (46) Inarkiev,E (2689)-Malakhatko,V (2542) Riadh 2017}) 5... Bg4 $146 ({Predecessor:} 5... Nc6 6. e3 e6 7. Bxc4 Bb4+ 8. Bd2 O-O 9. O-O Bxd2 10. Nbxd2 Qe7 11. h3 e5 12. Nxe5 Nxe5 13. dxe5 Qxe5 14. Nf3 Qe7 15. Rfd1 Bd7 16. Nd4 {½-½ (16) Del Rey,D (2336)-Randazzo,A (2225) Santa Cruz de La Palma 2018}) 6. e3 {D21: Queen's Gambit Accepted: 3 Nf3 sidelines} Nc6 7. Bxc4 e6 8. O-O {The position is equal.} Bd6 9. Nbd2 O-O 10. b3 e5 11. Bb2 {[%cal Rd4e5]} Qe7 12. h3 Bh5 13. Nh4 exd4 14. exd4 Qd7 15. d5 Ne5 16. f4 Nxc4 17. bxc4 Bc5+ (17... Qd8 $14) 18. Kh2 {Threatens to win with Bxf6.} Be7 (18... Qd8 $14) 19. Rae1 (19. Nf5 $16) 19... Rfe8 (19... Rae8 $1 $14) 20. Qc3 ({White should play} 20. Rxe7 $1 $16 Qxe7 21. Nf5) 20... Bg6 {[#]} (20... b5 $14) 21. a5 ({Of course not} 21. Nxg6 $6 hxg6 22. a5 c6 $11) (21. f5 $1 $16) 21... Nh5 22. Nxg6 fxg6 (22... hxg6 $11 23. Nf3 f6) 23. Ne4 $16 Bf6 (23... Bh4 $142) 24. Qb3 Bxb2 25. Qxb2 Qa4 26. Qc3 b5 27. g4 $2 ({White must play} 27. axb6 $1 $18 cxb6 28. f5) 27... Nf6 $11 28. Nxf6+ gxf6 29. Rc1 (29. Re6 $11 {remains equal.}) 29... Re2+ 30. Kg3 {[#]} Rae8 (30... b4 $1 $17 {[%cal Rb4c3]} 31. Ra1 bxc3 32. Rxa4 c2) 31. Rf3 bxc4 (31... b4 {looks sharper.} 32. Qxf6 Qxa5 33. f5 Rf8 34. Qd4 gxf5 35. Rcf1 Qb6) 32. Qxc4 Qxc4 33. Rxc4 {[%mdl 4096] Endgame KRR-KRR} R8e7 ({Black should try} 33... Rd2 $14) 34. Rc6 $16 Rd2 (34... Ra2 $16) 35. Rxf6 $18 Rxd5 36. Rxa6 Re4 (36... Red7 $142 37. Ra8+ Kg7) 37. Rc3 c5 38. Rc6 Ra4 39. a6 ({But not} 39. R3xc5 $6 Rd3+ 40. Kh4 Rxf4 $18) 39... Rd2 $2 (39... Kf8 40. Re3 Rd7) 40. Rb3 Rda2 41. Rb7 {[%cal Rc6c8]} R2a3+ 42. Kh4 {[%cal Rc6c8]} Rxf4 43. Rc8+ {Accuracy: White = 45%, Black = 14%.} 1-0